Take That Songs - Statistics

General Stats
  • This quiz has been taken 212 times
  • The average score is 8 of 15
Answer Stats
Hint Answer % Correct
"Whatever I said, whatever I did, I didn't mean it." Back for Good
93%
"Everything changes but you." Everything Changes
83%
"Cause I... need time.. my heart is numb has no feeling." Patience
78%
"But if we all stand up in the name of love." Relight My Fire
69%
"Put your head against my life, what do you hear?" A Million Love Songs
68%
"There'll be trouble when the kidz come out!" Kidz
65%
"I'm here again, I tell you I'm here again." Babe
64%
"Surely we must be in sight, of the dream we long to live." Pray
61%
"Why don't you teach your heart to feel, I'll give you love love." Love Love
39%
"Cherry pie, you're not as cute as me." Do What You Like
34%
"Silence please cause I've got something to say." The Circus
34%
"I was enjoying myself, sleeping in your flowerbed." Flowerbed
29%
"I'd watch the world go by in the morning." Hello
28%
"Oh I, I wish the beggars were choosers." Underground Machine
22%
"I don't wanna see you hurting." Hold On
18%
No matching quizzes found
Score Distribution
Percent of People with Each Score
Percentile by Number Answered
Your Score History
You have not taken this quiz